The Biggest Cities of Sardinia - Statistics

General Stats
  • This quiz has been taken 29 times
  • The average score is 15 of 26
Answer Stats
Inhabitants Province City % Correct
146,627 Cagliari Cagliari
100%
33,106 Nuoro Nuoro
100%
120,497 Sassari Sassari
100%
68,108 Cagliari Quartu Sant'Elena
96%
41,956 Sassari Alghero
92%
30,007 Oristano Oristano
92%
25,588 Sulcis Iglesiente Carbonia
88%
24,634 Sulcis Iglesiente Iglesias
88%
61,658 Gallura-N.E.Sard. Olbia
88%
13,003 Gallura-N.E.Sard. Tempio Pausania
71%
25,577 Cagliari Assemini
63%
20,800 Sassari Porto Torres
58%
12,813 Cagliari Quartucciu
50%
28,323 Cagliari Selargius
50%
20,747 Cagliari Sestu
50%
12,988 Medio Campidano Villacidro
46%
13,451 Gallura-N.E.Sard. Arzachena
42%
18,663 Cagliari Monserrato
42%
10,980 Ogliastra Tortolì
42%
10,476 Gallura-N.E.Sard. La Maddalena
33%
23,088 Cagliari Capoterra
29%
17,364 Cagliari Sinnai
29%
10,451 Sulcis Iglesiente Sant'Antioco
25%
10,681 Medio Campidano Guspini
21%
11,132 Nuoro Siniscola
21%
14,491 Sassari Sorso
21%
No matching quizzes found
Score Distribution
Percent of People with Each Score
Percentile by Number Answered
Your Score History
You have not taken this quiz